000 00371nam a2200157Ia 4500
008 230524s9999 xx 000 0 und d
082 _bSEN
100 _aAnita Sengar
_941989
245 0 _aIT Infrastructure Management
250 _a2
260 _aNew Delhi
_bKatson
_c2009
300 _a307p:
500 _aQuantity Number: 1
650 _aManagement
942 _cBK
999 _c56406
_d56406